Statystyki dla Z jakiego kraju pochodzą te kluby#3

Kliknij tutaj aby rozwiązać quiz!

Ogólne statystyki

  • Ten quiz został rozwiązany 90 razy
  • Średni wynik to 10 z 15

Statystyki odpowiedzi

HintOdpowiedź% Poprawnych
Wieczysta KrakówPolska
100%
Rio AvePortugalia
81%
Portland TimbersUsa
80%
PFK socziRosja
79%
ŽilinaSłowacja
79%
Sheriff TiraspolMołdawia
73%
Kajrat AłmatyKazachstan
71%
FK OłeksandrijaUkraina
71%
Tom tomskRosja
65%
Caracas fcWenezuela
65%
Jeju unitedKorea południowa
48%
Academica coimbraPortugalia
48%
Rukh brestBiałoruś
47%
FC goaIndie
42%
CF ReusHiszpania
37%

Rozkład punktacji

Percentyl według liczby udzielonych odpowiedzi

Procent ludzi z każdym wynikiem

Twoja historia wyników

Nie rozwiązałeś tego quizu